000 00796nam a2200253La 4500
001 73923
005 20230411085921.0
008 071210s2007 fr a i000 0 fre d
035 _a(OCoLC)ocn428145237
040 _aSZ9XM
_cSZ9XM
016 7 _avtls001518608
_2Sz
020 _a9789264034266
020 _a9264034269
035 _a(OCoLC)428145237
037 _a92 2007 05 2 P
_bOCDE
049 _aGRAL
050 1 4 _a
245 0 0 _aComment rester compétitif dans l'économie mondiale :
_bprogresser dans la chaíne de valeur.
260 _aParis :
_bOCDE, Organisation de coopération et de développement économiques,
_c2007.
300 _a135 p. :
_bill. ;
_c27 cm.
710 2 _aOrganisation for Economic Co-operation and Development.
942 _2lcc
_cbk
994 _aC0
_bDRFGD
999 _c109273
_d109273